[Event "BCF-chT2 0506 (4NCL)"]
[Site "Birmingham"]
[Date "2005.10.23"]
[Round "2.2"]
[White "Jowett, Peter"]
[Black "Dearing, Eddie"]
[Result "1/2-1/2"]
[WhiteElo "2184"]
[BlackElo "2417"]
[PlyCount "82"]
[EventDate "2005.10.22"]
[EventType "team"]
[EventRounds "11"]
[EventCountry "ENG"]
[SourceTitle "EXT 2007"]
[Source "ChessBase"]
[SourceDate "2006.11.23"]
[SourceVersion "1"]
[SourceVersionDate "2006.11.23"]
[SourceQuality "1"]
[WhiteTeam "Micro Mark NWE II"]
[BlackTeam "Cambridge"]
[WhiteTeamCountry "ENG"]
[BlackTeamCountry "ENG"]

1. e4 g6 2. d4 Bg7 3. Nc3 d6 4. Nf3 Nf6 5. Bg5 c6 6. e5 dxe5 7. dxe5 Qxd1+ 8. Rxd1 Ng4 9. Bf4 Nd7 10. e6 fxe6 11. Bc4 Nb6 12. Bb3 Nd5 13. Bd2 0-0 14. 0-0 Ne5 15. Nxe5 Bxe5 16. Rfe1 Bf6 17. Bh6 Re8 18. Ne4 Bxb2 19. Nc5 Bg7 20. Bg5 h6 21. Bh4 Kf7 22. Rd3 g5 23. Bg3 b6 24. Rf3+ Bf6 25. Nd3 c5 26. Ba4 Bb7 27. Bxe8+ Rxe8 28. Ne5+ Kg7 29. Ra3 a6 30. Nd3 c4 31. Ne5 b5 32. Nd7 Bc8 33. Nc5 Nb4 34. Re2 Kf7 35. c3 Rd8 36. h3 Rd1+ 37. Kh2 Nd5 38. Be5 Nf4 39. Bxf4 gxf4 40. Nxa6 Rd3 41. Nc5 Rd5 1/2-1/2

[Event "BCF-chT2 0506 (4NCL)"]
[Site "Birmingham"]
[Date "2005.10.22"]
[Round "1.2"]
[White "Dearing, Eddie"]
[Black "McDonald, Neil R"]
[Result "1/2-1/2"]
[WhiteElo "2417"]
[BlackElo "2374"]
[PlyCount "39"]
[EventDate "2005.10.22"]
[EventType "team"]
[EventRounds "11"]
[EventCountry "ENG"]
[SourceTitle "EXT 2007"]
[Source "ChessBase"]
[SourceDate "2006.11.23"]
[SourceVersion "1"]
[SourceVersionDate "2006.11.23"]
[SourceQuality "1"]
[WhiteTeam "Cambridge"]
[BlackTeam "Wood Green III"]
[WhiteTeamCountry "ENG"]
[BlackTeamCountry "ENG"]

1. d4 e6 2. c4 f5 3. g3 Nf6 4. Bg2 c6 5. Nh3 d5 6. 0-0 Bd6 7. Bf4 0-0 8. Bxd6 Qxd6 9. Nd2 b6 10. Qc2 Ba6 11. Rac1 Nbd7 12. cxd5 cxd5 13. Qa4 Bb7 14. Nf4 a6 15. Nf3 Rfc8 16. Qa3 Qxa3 17. bxa3 Nf8 18. Ng5 Rxc1 19. Rxc1 Rc8 20. Rb1 1/2-1/2

[Event "Budapest FS07 GM"]
[Site "Budapest"]
[Date "2005.07.05"]
[Round "4"]
[White "Dearing, Eddie"]
[Black "Fogarasi, Tibor"]
[Result "0-1"]
[WhiteElo "2420"]
[BlackElo "2490"]
[PlyCount "134"]
[EventDate "2005.07.02"]
[EventType "tourn"]
[EventRounds "11"]
[EventCountry "HUN"]
[EventCategory "7"]
[SourceTitle "CBM 107 Extra"]
[Source "ChessBase"]
[SourceDate "2005.09.01"]
[SourceVersion "1"]
[SourceVersionDate "2005.09.01"]
[SourceQuality "1"]

1. d4 Nf6 2. c4 c5 3. d5 b5 4. cxb5 a6 5. e3 axb5 6. Bxb5 Qa5+ 7. Nc3 Bb7 8. Bd2 Qb6 9. Bc4 e6 10. Nge2 exd5 11. Qb3 Qxb3 12. Bxb3 Na6 13. 0-0 Nc7 14. Rfd1 Bd6 15. Be1 Ke7 16. f3 Ba6 17. Ng3 Ke6 18. Nce4 Nxe4 19. Nxe4 Be7 20. Nc3 c4 21. Ba4 Bf6 22. Rac1 Bb7 23. b3 Rhc8 24. e4 Bxc3 25. Rxc3 Bc6 26. Bxc6 dxc6 27. bxc4 dxe4 28. Re3 f5 29. fxe4 f4 30. Red3 Ne8 31. a3 Ra4 32. Rc1 Nd6 33. c5 Nxe4 34. Bb4 Nf6 35. Rd6+ Kf5 36. Rf1 Nd5 37. g3 g5 38. h3 h5 39. h4 gxh4 40. gxf4 Nxb4 41. axb4 Rxb4 42. Rh6 Rxf4 43. Rxh5+ Ke4 44. Rxf4+ Kxf4 45. Kh2 Ke4 46. Rxh4+ Kd5 47. Rh5+ Kd4 48. Kg3 Rf8 49. Rg5 Rf1 50. Rh5 Kc4 51. Kg2 Rd1 52. Kf2 Rd5 53. Rh3 Kxc5 54. Ke2 Kc4 55. Rh4+ Kc3 56. Rh3+ Kc2 57. Rh6 c5 58. Rc6 Kc3 59. Rc8 c4 60. Rc7 Kb3 61. Rb7+ Kc2 62. Rc7 c3 63. Ke3 Kb2 64. Rb7+ Kc1 65. Rc7 c2 66. Ke2 Rd8 67. Rc6 Rb8 0-1